01355nam a22003494a 4500001001200000003000800012006001900020007001500039008004100054010001700095020001500112020002200127040002100149035002000170050002500190082001700215100002200232245012300254260006400377300005400441504006400495533015200559650002200711650001700733651001900750655002900769700002900798700001800827710001700845856012600862999001700988ebr10014610CaPaEBRm u cr cn|||||||||000711s2001 enkab sb 001 0 eng  z 00058515  z052135367X z0521798361 (pbk.) aCaPaEBRcCaPaEBR a(OCoLC)5153426214aQE509.4b.S38 2001eb04a551.1/162211 aSchubert, Gerald.10aMantle convection in the earth and planetsh[electronic resource] /cGerald Schubert, Donald L. Turcotte, Peter Olson. aCambridge ;aNew York :bCambridge University Press,c2001. axv, 940 p. :bill. (some col.), maps (some col.). aIncludes bibliographical references (p. 797-873) and index. aElectronic reproduction.bPalo Alto, Calif. :cebrary,d2013.nAvailable via World Wide Web.nAccess may be limited to ebrary affiliated libraries. 0aHeatxConvection. 0aGeodynamics. 0aEarthxMantle. 7aElectronic books.2local1 aTurcotte, Donald Lawson.1 aOlson, Peter.2 aebrary, Inc.40uhttp://site.ebrary.com/lib/rucke/Doc?id=10014610zAn electronic book accessible through the World Wide Web; click to view c13175d13175